Fundamental Statistics , មូលដ្ឋានគ្រិះនៃស្ថិតិវិទ្យា (Record no. 22518)

000 -LEADER
fixed length control field 00400nam a22001217a 4500
040 ## - CATALOGING SOURCE
Transcribing agency rua
082 ## - DEWEY DECIMAL CLASSIFICATION NUMBER
Classification number STA MEN 2014 C337 Or.
100 ## - MAIN ENTRY--AUTHOR NAME
Personal name ម៉ែន សារុម
245 ## - TITLE STATEMENT
Title Fundamental Statistics , មូលដ្ឋានគ្រិះនៃស្ថិតិវិទ្យា
260 ## - PUBLICATION, DISTRIBUTION, ETC. (IMPRINT)
Place of publication phnom penh
Name of publisher rua
Year of publication 2014
300 ## - PHYSICAL DESCRIPTION
Number of Pages xxii.325p.
Other physical details ill.
Dimensions 29cm,
942 ## - ADDED ENTRY ELEMENTS (KOHA)
Koha item type សៀវភៅគោល
952 ## - LOCATION AND ITEM INFORMATION (KOHA)
Withdrawn status [LOCAL, KOHA] 0
952 ## - LOCATION AND ITEM INFORMATION (KOHA)
Withdrawn status [LOCAL, KOHA] 0
952 ## - LOCATION AND ITEM INFORMATION (KOHA)
Withdrawn status [LOCAL, KOHA] 0
952 ## - LOCATION AND ITEM INFORMATION (KOHA)
Withdrawn status [LOCAL, KOHA] 0
952 ## - LOCATION AND ITEM INFORMATION (KOHA)
Withdrawn status [LOCAL, KOHA] 0
952 ## - LOCATION AND ITEM INFORMATION (KOHA)
Withdrawn status [LOCAL, KOHA] 0
952 ## - LOCATION AND ITEM INFORMATION (KOHA)
Withdrawn status [LOCAL, KOHA] 0
Holdings
Permanent Location Date acquired Koha item type Lost status Shelving location Barcode Current Location Full call number
Library Block C2024-01-10ឯកសារស្រាវជ្រាវ C337a075163Library Block CSTA MEN 2014 C337 Or.
Library Block C2024-01-10ឯកសារស្រាវជ្រាវ C337a074808Library Block CSTA MEN 2014 C337 Or.
Library Block C2024-01-10ឯកសារស្រាវជ្រាវ C337a075056Library Block CSTA MEN 2014 C337 Or.
Library Block C2024-01-10ឯកសារស្រាវជ្រាវ C337a075030Library Block CSTA MEN 2014 C337 Or.
Library Block C2024-01-10ឯកសារស្រាវជ្រាវ C337a074768Library Block CSTA MEN 2014 C337 Or.
Library Block C2024-01-10ឯកសារស្រាវជ្រាវ C337a075143Library Block CSTA MEN 2014 C337 Or.
Library Block C2024-01-10ឯកសារស្រាវជ្រាវ C337a075123Library Block CSTA MEN 2014 C337 Or.
មជ្ឈមណ្ឌលឯការនៃសាកលវិទ្យាល័យភូមិន្ទកសិកម្មចំការដូង

Powered by Koha